Carta ideológica de la Confederación Costarricense de Trabajadores Democráticos
Salvato in:
| Natura: | testo |
|---|---|
| Tags: |
Aggiungi Tag
Nessun Tag, puoi essere il primo ad aggiungerne!!
|
MARC
| LEADER | 00000 a a2200000 04500 | ||
|---|---|---|---|
| 001 | 10944 | ||
| 003 | |||
| 040 | |||
| 245 | |a Carta ideológica de la Confederación Costarricense de Trabajadores Democráticos | ||
| 773 | |g número 26; páginas 164-167 | ||
| 999 | |c 35216 |d 35216 | ||
